| 000 | 00677nam a22002297a 4500 | ||
|---|---|---|---|
| 008 | 150604b xxu||||| |||| 00| 0 eng d | ||
| 020 | _a9780073523798 | ||
| 020 | _a0073523798 | ||
| 041 | 0 | _aeng | |
| 080 | _a615.83 | ||
| 100 | 1 | _aFahey, Thomas D. | |
| 245 | 1 | 0 |
_aFit & well : _cThomas D. Fahey, Paul M. Insel, Walton T. Roth. |
| 246 | 3 | _aFit and well | |
| 250 | _a9th ed. | ||
| 260 |
_aNew York : _bMcGraw-Hill, _cc2011. |
||
| 300 |
_axx, 430, [56] f. : _bme ill. ; _c28 cm. |
||
| 650 | 0 | _aFitnesi fizik | |
| 650 | 0 | _aShëndetësia | |
| 700 | 1 | _aInsel, Paul M. | |
| 700 | 1 | _aRoth, Walton T. | |
| 942 |
_2udc _cBK |
||
| 999 |
_c992 _d992 |
||